| 000 | 00562nam a2200169 a 4500 | ||
|---|---|---|---|
| 005 | 20140412111322.0 | ||
| 008 | 010417s19uu xx 00 eng d | ||
| 020 | _a1-85948-026-8 | ||
| 050 |
_aM 591.54 _bW628 1994 |
||
| 245 | _aWho's my baby?. | ||
| 260 |
_aLondon : _bA Dorling Kindersley Book, _c1994. |
||
| 300 | _a1 v. (unp.) ; ill. | ||
| 440 | _aSnap Shot | ||
| 520 | _aWhich babies are stripy? Are butterflies born with wings? Find the answers to these questions in this stimulating look at animal babies. | ||
| 650 | _aBaby animals | ||
| 999 |
_c104427 _d104427 |
||